[Event "SVK-chT3A2 2223"]
[Site "Slovakia"]
[Date "2023.03.19"]
[Round "9.4"]
[White "Musaev, Urmat"]
[Black "Longauer, Jan"]
[Result "0-1"]
[WhiteElo "1789"]
[BlackElo "1909"]
[PlyCount "48"]
[EventDate "2022.10.16"]
[EventType "team-tourn"]
[EventRounds "9"]
[EventCountry "SVK"]
[SourceTitle "EXT 2024"]
[Source "ChessBase"]
[SourceDate "2023.10.10"]
[SourceVersion "1"]
[SourceVersionDate "2023.10.10"]
[SourceQuality "1"]
[WhiteTeam "Piestany Kupele II"]
[BlackTeam "Modranka Komplet II"]
[WhiteTeamCountry "SVK"]
[BlackTeamCountry "SVK"]

1. e4 e6 2. Nf3 d5 3. e5 c5 4. d4 cxd4 5. Nxd4 Nc6 6. Nf3 Nge7 7. Bg5 Qb6 8. b3 Ng6 9. Be2 Ncxe5 10. Nxe5 Nxe5 11. 0-0 Bd6 12. Nd2 0-0 13. c4 dxc4 14. Ne4 Bc5 15. Bxc4 Nxc4 16. Nf6+ gxf6 17. Bxf6 e5 18. Qf3 Qe6 19. h3 Qf5 20. bxc4 Bd4 21. Rae1 Qxf3 22. gxf3 Bxh3 23. Kh2 Bxf1 24. Rxf1 Rfc8 0-1

[Event "SVK-chT2A 2223"]
[Site "Slovakia"]
[Date "2022.11.26"]
[Round "5.2"]
[White "Longauer, Jan"]
[Black "Hecko, Dusan"]
[Result "1/2-1/2"]
[WhiteElo "1914"]
[BlackElo "1970"]
[PlyCount "74"]
[EventDate "2022.10.08"]
[EventType "team-tourn"]
[EventRounds "11"]
[EventCountry "SVK"]
[SourceTitle "EXT 2024"]
[Source "ChessBase"]
[SourceDate "2023.10.10"]
[SourceVersion "1"]
[SourceVersionDate "2023.10.10"]
[SourceQuality "1"]
[WhiteTeam "Modranka Komplet"]
[BlackTeam "Osuske II"]
[WhiteTeamCountry "SVK"]
[BlackTeamCountry "SVK"]

1. e4 c6 2. Nc3 d5 3. Nf3 dxe4 4. Nxe4 Bg4 5. h3 Bh5 6. Ng3 Bg6 7. h4 h6 8. Ne5 Bh7 9. Qh5 g6 10. Bc4 e6 11. Qe2 Qe7 12. Ne4 Nf6 13. Nxf6+ Qxf6 14. Ng4 Qg7 15. d4 g5 16. d5 cxd5 17. Bxd5 Nc6 18. c3 Bd6 19. Bxc6+ bxc6 20. hxg5 hxg5 21. Qf3 Kd7 22. Qf6 Rag8 23. Be3 Bf5 24. Rxh8 Qxh8 25. Qxf7+ Kc8 26. 0-0-0 Rd8 27. Bd4 Bf4+ 28. Ne3 Qh4 29. g3 Bxe3+ 30. Bxe3 Qe4 31. Rxd8+ Kxd8 32. Qf8+ Kd7 33. Qg7+ Ke8 34. Qg8+ Kd7 35. Qg7+ Ke8 36. Qg8+ Kd7 37. Qg7+ Ke8 1/2-1/2

[Event "SVK-chT2A 2223"]
[Site "Slovakia"]
[Date "2022.10.08"]
[Round "1.5"]
[White "Longauer, Jan"]
[Black "Puchart, Vladimir"]
[Result "0-1"]
[WhiteElo "1914"]
[BlackElo "2058"]
[PlyCount "84"]
[EventDate "2022.10.08"]
[EventType "team-tourn"]
[EventRounds "11"]
[EventCountry "SVK"]
[SourceTitle "CBM 210 Extra"]
[Source "ChessBase"]
[SourceDate "2022.11.30"]
[SourceVersion "1"]
[SourceVersionDate "2022.11.30"]
[SourceQuality "1"]
[WhiteTeam "Modranka Komplet"]
[BlackTeam "Cifer"]
[WhiteTeamCountry "SVK"]
[BlackTeamCountry "SVK"]

1. e4 c5 2. Nf3 d6 3. d4 cxd4 4. Nxd4 Nf6 5. Nc3 a6 6. g3 e5 7. Nde2 Qc7 8. Bg2 b5 9. 0-0 Bb7 10. Nd5 Nxd5 11. exd5 Nd7 12. a4 b4 13. a5 f5 14. Ra4 Nc5 15. Rxb4 Qxa5 16. Bd2 Qd8 17. Be3 a5 18. Rh4 Be7 19. Rh3 Rb8 20. Bxc5 dxc5 21. g4 fxg4 22. Rb3 Ba6 23. Rxb8 Qxb8 24. Re1 0-0 25. Ng3 Rf4 26. Qd2 c4 27. Qxa5 Bb4 28. Qxa6 Bxe1 29. Qe6+ Kh8 30. Ne4 Qf8 31. d6 Rxe4 32. f3 Bh4 33. Bf1 gxf3 34. d7 Rd4 35. Qe8 Be7 36. Kf2 Kg8 37. Bh3 Bh4+ 38. Ke3 Bg5+ 39. Kf2 Be7 40. Be6+ Kh8 41. b4 cxb3 42. cxb3 Rd2+ 0-1

[Event "Tirnavia Reti Memorial op"]
[Site "Trnava"]
[Date "2022.08.13"]
[Round "5"]
[White "Longauer, Jan"]
[Black "Sahidi, Shabir"]
[Result "1/2-1/2"]
[WhiteElo "1940"]
[BlackElo "1533"]
[PlyCount "101"]
[EventDate "2022.08.11"]
[EventType "swiss"]
[EventRounds "7"]
[EventCountry "SVK"]
[SourceTitle "CBM 209 Extra"]
[Source "ChessBase"]
[SourceDate "2022.09.30"]
[SourceVersion "1"]
[SourceVersionDate "2022.09.30"]
[SourceQuality "1"]

1. e4 e5 2. Nf3 Nc6 3. d4 exd4 4. Bc4 Nf6 5. e5 d5 6. Bb5 Ne4 7. Nxd4 Bd7 8. Bxc6 bxc6 9. 0-0 Bc5 10. f3 Ng5 11. Be3 Bb6 12. f4 Ne4 13. Nd2 Nxd2 14. Qxd2 c5 15. Nf3 Bf5 16. a4 a5 17. Rae1 0-0 18. h3 h6 19. Bf2 Bc8 20. Kh2 c6 21. g4 c4 22. Bh4 Qc7 23. Bg3 Bc5 24. f5 Ba6 25. c3 Qb6 26. f6 Rab8 27. Rb1 Be3 28. Qg2 Bc8 29. fxg7 Kxg7 30. Nh4 Bg5 31. Rbe1 Qxb2 32. Re2 Qxc3 33. Qf2 Be6 34. Nf5+ Bxf5 35. Qxf5 Rb2 36. Rxb2 Qxb2+ 37. Rf2 Qd4 38. h4 Be7 39. e6 f6 40. h5 Qd3 41. Qf4 d4 42. Qc7 Qa3 43. Qxc6 Qc5 44. Qe4 f5 45. gxf5 Bf6 46. Qg4+ Bg5 47. Qe4 Bf6 48. Rg2 Kh7 49. Qb7+ Qe7 50. Qd5 Qe8 51. Qf3 1/2-1/2

[Event "SVK-chT3A2 2122"]
[Site "Slovakia"]
[Date "2022.04.03"]
[Round "5.3"]
[White "Hrubsa, Marian"]
[Black "Longauer, Jan"]
[Result "0-1"]
[WhiteElo "1777"]
[BlackElo "1893"]
[PlyCount "96"]
[EventDate "2021.10.10"]
[EventType "team-tourn"]
[EventRounds "11"]
[EventCountry "SVK"]
[SourceTitle "EXT 2024"]
[Source "ChessBase"]
[SourceDate "2023.10.10"]
[SourceVersion "1"]
[SourceVersionDate "2023.10.10"]
[SourceQuality "1"]
[WhiteTeam "Skalica"]
[BlackTeam "Modranka Komplet"]
[WhiteTeamCountry "SVK"]
[BlackTeamCountry "SVK"]

1. e4 e6 2. d4 d5 3. Nd2 a6 4. e5 c5 5. c3 Nc6 6. Ngf3 cxd4 7. cxd4 Nge7 8. Be2 Nf5 9. Nb3 a5 10. a4 Bb4+ 11. Bd2 0-0 12. 0-0 Bxd2 13. Qxd2 b6 14. Rfc1 Nb4 15. Rc3 Ba6 16. Bxa6 Nxa6 17. Qe2 Qd7 18. g4 Ne7 19. Nbd2 Nb4 20. Ne1 Rac8 21. Rh3 Rc7 22. Raa3 Rc1 23. Rh5 Nc2 24. Ndf3 Nxa3 25. Qd3 Ng6 26. Rxh7 Nf4 27. Qe3 Rxe1+ 28. Nxe1 Kxh7 29. Qxf4 Nc4 30. Nf3 f6 31. g5 Qf7 32. Qh4+ Kg8 33. b3 fxe5 34. bxc4 Qf4 35. cxd5 Qxh4 36. Nxh4 exd4 37. dxe6 Re8 38. Nf3 Rxe6 39. Nd2 Rc6 40. Kf1 d3 41. f3 Rc2 42. Ke1 Rb2 43. Ne4 Rxh2 44. Kd1 Rh3 45. Nc3 Rxf3 46. Nd5 Rf2 47. Nxb6 Ra2 48. Kc1 Kf7 0-1

[Event "SVK-chT3A2 2122"]
[Site "Slovakia"]
[Date "2021.11.21"]
[Round "4.3"]
[White "Longauer, Jan"]
[Black "Zlamal, Marek"]
[Result "1-0"]
[WhiteElo "1893"]
[BlackElo "1893"]
[PlyCount "127"]
[EventDate "2021.10.10"]
[EventType "team-tourn"]
[EventRounds "11"]
[EventCountry "SVK"]
[SourceTitle "EXT 2023"]
[Source "ChessBase"]
[SourceDate "2022.10.05"]
[SourceVersion "1"]
[SourceVersionDate "2022.10.05"]
[SourceQuality "1"]
[WhiteTeam "Modranka Komplet"]
[BlackTeam "Holic"]
[WhiteTeamCountry "SVK"]
[BlackTeamCountry "SVK"]

1. e4 c5 2. Nf3 Nc6 3. Bb5 d6 4. Bxc6+ bxc6 5. 0-0 e5 6. c3 Bg4 7. h3 Bh5 8. g4 Bg6 9. d4 cxd4 10. cxd4 Nf6 11. Nc3 Nxe4 12. Nxe4 Bxe4 13. Re1 Bxf3 14. Qxf3 Qc7 15. dxe5 dxe5 16. Bf4 Bd6 17. Rac1 Rc8 18. Qe4 f6 19. Qc4 Kf8 20. Be3 g5 21. Red1 Ke7 22. Qa4 Rhd8 23. Rd3 c5 24. Qc4 h5 25. Rd5 hxg4 26. hxg4 Rh8 27. Bxc5 Bxc5 28. Rxc5 Qxc5 29. Qxc5+ Rxc5 30. Rxc5 Ra8 31. b4 Kd6 32. Ra5 a6 33. b5 Kc7 34. Rxa6 Rf8 35. a4 f5 36. gxf5 Rxf5 37. a5 e4 38. b6+ Kb8 39. Ra7 Rb5 40. Kg2 Rb3 41. Re7 Rb5 42. Rxe4 Rxa5 43. Rb4 Kb7 44. Kg3 Rc5 45. Kg4 Rd5 46. Rb3 Rc5 47. Rf3 Kxb6 48. Rf5 Rc1 49. Kxg5 Kc6 50. Re5 Kd6 51. Re2 Rg1+ 52. Kf6 Rg8 53. f4 Rf8+ 54. Kg5 Rg8+ 55. Kh6 Rf8 56. Kg5 Rg8+ 57. Kh4 Rh8+ 58. Kg3 Rf8 59. Kf3 Rf7 60. Kg4 Re7 61. Rxe7 Kxe7 62. Kg5 Kf7 63. Kf5 Kf8 64. Kf6 1-0

[Event "SVK-chT3A2 2122"]
[Site "Slovakia"]
[Date "2021.10.10"]
[Round "1.2"]
[White "Longauer, Jan"]
[Black "Nemeckay, Rastislav"]
[Result "1-0"]
[WhiteElo "1893"]
[BlackElo "1906"]
[PlyCount "31"]
[EventDate "2021.10.10"]
[EventType "team-tourn"]
[EventRounds "11"]
[EventCountry "SVK"]
[SourceTitle "EXT 2023"]
[Source "ChessBase"]
[SourceDate "2022.10.05"]
[SourceVersion "1"]
[SourceVersionDate "2022.10.05"]
[SourceQuality "1"]
[WhiteTeam "Modranka Komplet"]
[BlackTeam "Senica CVC"]
[WhiteTeamCountry "SVK"]
[BlackTeamCountry "SVK"]

1. e4 e5 2. Nf3 Nc6 3. d4 exd4 4. Bc4 d6 5. Nxd4 Nxd4 6. Qxd4 Qf6 7. Qd3 Ne7 8. Nc3 Bd7 9. Be3 b6 10. 0-0 0-0-0 11. a4 Nc6 12. a5 Nxa5 13. Rxa5 bxa5 14. Ba6+ Kb8 15. Qd5 Bc8 16. Qb5+ 1-0

[Event "SVK-chT4 A22 1819"]
[Site "Slovakia"]
[Date "2019.03.03"]
[Round "10.5"]
[White "Vlkovic, Pavol"]
[Black "Longauer, Jan"]
[Result "1-0"]
[WhiteElo "1824"]
[BlackElo "1769"]
[PlyCount "61"]
[EventDate "2018.10.14"]
[EventType "team-tourn"]
[EventRounds "11"]
[EventCountry "SVK"]
[SourceTitle "EXT 2020"]
[Source "ChessBase"]
[SourceDate "2019.10.17"]
[SourceVersion "1"]
[SourceVersionDate "2019.10.17"]
[SourceQuality "1"]

1. e4 e6 2. d3 d5 3. Qe2 Nf6 4. g3 Be7 5. Bg2 0-0 6. e5 Nfd7 7. Nf3 c5 8. c3 Nc6 9. 0-0 Qc7 10. Bf4 b5 11. Nbd2 a5 12. Rfe1 Bb7 13. h4 Rfd8 14. Nf1 Nb6 15. N1h2 d4 16. Ng4 c4 17. Nxd4 Nxd4 18. cxd4 Bxg2 19. Kxg2 Rxd4 20. dxc4 Qxc4 21. Rac1 Qxe2 22. Rxe2 Rc4 23. Rxc4 Nxc4 24. Ne3 Rc8 25. Nxc4 Rxc4 26. Be3 a4 27. a3 h5 28. Rd2 b4 29. axb4 Rxb4 30. Rd7 Kf8 31. Rxe7 1-0

[Event "SVK-chT4 A22 1819"]
[Site "Slovakia"]
[Date "2019.02.03"]
[Round "8.4"]
[White "Longauer, Jan"]
[Black "Slezak, Rudolf"]
[Result "1/2-1/2"]
[WhiteElo "1751"]
[BlackElo "1687"]
[PlyCount "88"]
[EventDate "2018.10.14"]
[EventType "team-tourn"]
[EventRounds "11"]
[EventCountry "SVK"]
[SourceTitle "EXT 2020"]
[Source "ChessBase"]
[SourceDate "2019.10.17"]
[SourceVersion "1"]
[SourceVersionDate "2019.10.17"]
[SourceQuality "1"]

1. e4 c6 2. Nc3 d5 3. Nf3 dxe4 4. Nxe4 Nd7 5. Qe2 e6 6. d4 Ngf6 7. Nxf6+ Nxf6 8. g3 Be7 9. Bg2 0-0 10. 0-0 Qc7 11. c4 Re8 12. Bf4 Bd6 13. Bxd6 Qxd6 14. Rfd1 Qe7 15. Ne5 Bd7 16. Rab1 Rac8 17. b4 Rc7 18. a3 Rec8 19. c5 Nd5 20. Nc4 Nc3 21. Qc2 Nxd1 22. Rxd1 Rd8 23. f4 Be8 24. Be4 f5 25. Bf3 Rcd7 26. Nd6 Rxd6 27. cxd6 Qxd6 28. Qc5 Qxc5 29. bxc5 b6 30. Kf2 Kf7 31. a4 bxc5 32. dxc5 Rxd1 33. Bxd1 Kf6 34. g4 h6 35. Ke3 Bd7 36. h4 g6 37. g5+ hxg5 38. hxg5+ Ke7 39. Kd4 a5 40. Ke5 Bc8 41. Be2 Bb7 42. Bd3 Bc8 43. Bc4 Bd7 44. Ba6 Be8 1/2-1/2

[Event "SVK-chT4 A22 1819"]
[Site "Slovakia"]
[Date "2019.01.20"]
[Round "7.4"]
[White "Tupy, Bystrik"]
[Black "Longauer, Jan"]
[Result "1/2-1/2"]
[WhiteElo "1728"]
[BlackElo "1730"]
[PlyCount "92"]
[EventDate "2018.10.14"]
[EventType "team-tourn"]
[EventRounds "11"]
[EventCountry "SVK"]
[SourceTitle "EXT 2020"]
[Source "ChessBase"]
[SourceDate "2019.10.17"]
[SourceVersion "1"]
[SourceVersionDate "2019.10.17"]
[SourceQuality "1"]

1. e4 e6 2. d4 d5 3. exd5 exd5 4. Nc3 Bb4 5. Bd2 Nf6 6. Nf3 0-0 7. Be2 c6 8. a3 Bd6 9. Bg5 h6 10. Bh4 Bf5 11. 0-0 Nbd7 12. Bd3 Bxd3 13. Qxd3 Re8 14. Rfe1 Qb6 15. b3 Qc7 16. Re2 Rxe2 17. Nxe2 Re8 18. Bg3 Ne4 19. Bxd6 Qxd6 20. Ng3 g6 21. b4 Ng5 22. Nxg5 hxg5 23. Qd2 Qf4 24. Qc3 Nf6 25. Qd3 Kg7 26. Rd1 Re6 27. c3 g4 28. Kf1 Ne4 29. Nxe4 Rxe4 30. Qg3 Qf5 31. a4 a6 32. a5 Re6 33. Qd3 Re4 34. Rd2 Qf4 35. g3 Qh6 36. Re2 Qc1+ 37. Kg2 Rxe2 38. Qxe2 Qxc3 39. Qe5+ Kh7 40. Qf6 Kg8 41. Qd8+ Kg7 42. Qb6 Qd3 43. Qxb7 Qe4+ 44. Kf1 Qxd4 45. Qxc6 Qd1+ 46. Kg2 Qf3+ 1/2-1/2

[Event "SVK-chT3A2 1819"]
[Site "Slovakia"]
[Date "2018.10.21"]
[Round "2.6"]
[White "Longauer, Jan"]
[Black "Zajicek, Ferdinand"]
[Result "1-0"]
[WhiteElo "1707"]
[BlackElo "1754"]
[PlyCount "55"]
[EventDate "2018.10.07"]
[EventType "team-tourn"]
[EventRounds "11"]
[EventCountry "SVK"]
[SourceTitle "EXT 2020"]
[Source "ChessBase"]
[SourceDate "2019.10.17"]
[SourceVersion "1"]
[SourceVersionDate "2019.10.17"]
[SourceQuality "1"]
[WhiteTeam "Modranka Komplet"]
[BlackTeam "Gbely Nafta II"]
[WhiteTeamCountry "SVK"]
[BlackTeamCountry "SVK"]

1. e4 c5 2. Nf3 Nc6 3. Bb5 Qb6 4. Nc3 a6 5. Ba4 Qd8 6. Bxc6 bxc6 7. 0-0 d6 8. e5 g6 9. exd6 exd6 10. Re1+ Be6 11. d4 Bg7 12. Ne4 Nf6 13. Neg5 cxd4 14. Nxd4 Kd7 15. Ndxe6 fxe6 16. Nf7 Qe7 17. Nxh8 Rxh8 18. Qe2 Ra8 19. Bd2 Nd5 20. c4 Nc7 21. Rad1 Rb8 22. b3 c5 23. Be3 Bc3 24. Bxc5 Bxe1 25. Bxd6 Bxf2+ 26. Qxf2 Qe8 27. Qa7 Qc8 28. Bxc7+ 1-0

[Event "SVK-chT4 A21 1718"]
[Site "Slovakia"]
[Date "2018.02.11"]
[Round "9.5"]
[White "Longauer, Jan"]
[Black "Mudroch, Martin"]
[Result "1/2-1/2"]
[WhiteElo "1679"]
[BlackElo "1344"]
[PlyCount "106"]
[EventDate "2017.10.01"]
[EventType "team-tourn"]
[EventRounds "11"]
[EventCountry "SVK"]
[SourceTitle "EXT 2020"]
[Source "ChessBase"]
[SourceDate "2019.10.17"]
[SourceVersion "1"]
[SourceVersionDate "2019.10.17"]
[SourceQuality "1"]
[WhiteTeam "Modranka Komplet"]
[BlackTeam "Senica CVC II"]
[WhiteTeamCountry "SVK"]
[BlackTeamCountry "SVK"]

1. e4 e5 2. Nf3 Nc6 3. d4 exd4 4. Bc4 Bb4+ 5. c3 Be7 6. 0-0 d6 7. cxd4 Nf6 8. d5 Ne5 9. Nxe5 dxe5 10. Nc3 Bg4 11. Qb3 Qc8 12. d6 Bxd6 13. Bxf7+ Ke7 14. f3 Be6 15. Bxe6 Qxe6 16. Qxb7 Bc5+ 17. Kh1 Qb6 18. Qxb6 axb6 19. Bg5 c6 20. a3 h6 21. Bh4 Ke6 22. Bf2 Bxf2 23. Rxf2 Rhd8 24. Rd1 Rxd1+ 25. Nxd1 Rd8 26. Ne3 b5 27. Rc2 Rd6 28. Kg1 Nd7 29. Kf2 c5 30. Nf5 Rd3 31. Nxg7+ Kf6 32. Ne8+ Ke7 33. Nc7 Rb3 34. Kg3 c4 35. Nd5+ Kd6 36. Nb4 Nc5 37. Kg4 Na4 38. Rd2+ Kc5 39. Rd5+ Kb6 40. Rxe5 Rxb2 41. Re6+ Kc5 42. e5 Rxb4 43. axb4+ Kxb4 44. Rc6 Nc5 45. Rxc5 Kxc5 46. e6 Kd6 47. Kf5 Ke7 48. Ke4 Kxe6 49. f4 c3 50. Kd3 b4 51. g4 Kf6 52. h3 Kg6 53. Kc2 Kf6 1/2-1/2

[Event "SVK-chT4 A21 1718"]
[Site "Slovakia"]
[Date "2017.12.10"]
[Round "6.3"]
[White "Valla, Tomas"]
[Black "Longauer, Jan"]
[Result "1-0"]
[WhiteElo "1853"]
[BlackElo "1662"]
[PlyCount "81"]
[EventDate "2017.10.01"]
[EventType "team-tourn"]
[EventRounds "11"]
[EventCountry "SVK"]
[SourceTitle "EXT 2019"]
[Source "ChessBase"]
[SourceDate "2018.10.10"]
[SourceVersion "1"]
[SourceVersionDate "2018.10.10"]
[SourceQuality "1"]
[WhiteTeam "Gbely Nafta III"]
[BlackTeam "Modranka Komplet"]
[WhiteTeamCountry "SVK"]
[BlackTeamCountry "SVK"]

1. e4 e6 2. d4 d5 3. Nc3 Bb4 4. Bd3 Nf6 5. e5 Nfd7 6. a3 Bxc3+ 7. bxc3 c5 8. Qg4 g6 9. h4 c4 10. Be2 Nc6 11. h5 Qa5 12. Bd2 Nf8 13. Nf3 h6 14. hxg6 Nxg6 15. Nh4 Nce7 16. Nxg6 Nxg6 17. Qg3 Bd7 18. Bh5 Rg8 19. Qf3 0-0-0 20. Bxh6 Rh8 21. Bg7 Rh7 22. Bf6 Rg8 23. Kd2 Be8 24. g3 Nf8 25. Be7 Qc7 26. Bd6 Qa5 27. Rh4 Ng6 28. Bxg6 Rxh4 29. gxh4 Rxg6 30. Be7 Qc7 31. Bf6 Ba4 32. h5 Rh6 33. Qg4 Qd7 34. Qg5 Rxf6 35. Qxf6 Qe8 36. Rg1 Bxc2 37. Kxc2 Qa4+ 38. Kd2 Qxa3 39. Rg8+ Kc7 40. Qd8+ Kc6 41. Qd6+ 1-0

[Event "SVK-chT4 A21 1718"]
[Site "Slovakia"]
[Date "2017.11.12"]
[Round "4.4"]
[White "Longauer, Jan"]
[Black "Vepy, Ivan"]
[Result "0-1"]
[WhiteElo "1679"]
[BlackElo "1850"]
[PlyCount "108"]
[EventDate "2017.10.01"]
[EventType "team-tourn"]
[EventRounds "11"]
[EventCountry "SVK"]
[SourceTitle "EXT 2019"]
[Source "ChessBase"]
[SourceDate "2018.10.10"]
[SourceVersion "1"]
[SourceVersionDate "2018.10.10"]
[SourceQuality "1"]
[WhiteTeam "Modranka Komplet"]
[BlackTeam "Skalica II"]
[WhiteTeamCountry "SVK"]
[BlackTeamCountry "SVK"]

1. e4 e5 2. Nf3 Nc6 3. d4 exd4 4. Bc4 Be7 5. c3 d6 6. cxd4 Nf6 7. Nc3 0-0 8. Qb3 Na5 9. Qa4 Nxc4 10. Qxc4 a6 11. Qd3 c6 12. 0-0 h6 13. Re1 Bg4 14. h3 Bxf3 15. Qxf3 Nh7 16. e5 dxe5 17. dxe5 Qa5 18. Qg3 Kh8 19. Bd2 Rad8 20. Rad1 Rg8 21. a3 Nf8 22. Ne4 Qa4 23. Nd6 Bxd6 24. exd6 Ne6 25. Bc3 Rd7 26. Rd2 Qf4 27. Qxf4 Nxf4 28. Re7 Rxe7 29. dxe7 Nd5 30. f3 Re8 31. Bb4 Kh7 32. Re2 Nxb4 33. axb4 Kg6 34. Kf2 Kf6 35. Re4 Rxe7 36. Rf4+ Ke5 37. Re4+ Kd6 38. Rd4+ Kc7 39. Rf4 g6 40. Rh4 h5 41. Rf4 Kb6 42. g4 hxg4 43. hxg4 Kb5 44. b3 a5 45. bxa5 Kxa5 46. Ra4+ Kb5 47. Rf4 c5 48. Rc4 b6 49. Rf4 Re6 50. Ra4 Kc6 51. Rf4 f6 52. Ra4 Kd5 53. Ra6 Kd4 54. Ra8 Kc3 0-1